000 00484nam a2200193Ia 4500
005 20240823024200.0
008 240823s9999||||xx |||||||||||||| ||und||
020 _a978-81-315-1012-4
041 _aENGLISH
082 _A658 P9
100 _aRicky W Griffin
245 0 _aManagement Principles and Applications
250 _a1st
260 _c2009
_bCengage Learning
_aNew Delhi
500 _aYES
650 _aManagement
_bManagement Studies
942 _cBK
999 _c183314
_d183314